Colombia: las limitaciones de un gobierno en crisis política. Colombia as president of the Non-Aligned movement limitations of a government under crisis /

שמור ב:
מידע ביבליוגרפי
מחבר ראשי: González Arana, Roberto
פורמט: Texto
נושאים:
תגים: הוספת תג
אין תגיות, היה/י הראשונ/ה לתייג את הרשומה!

MARC

LEADER 00000 a a2200000 04500
001 780
003
040
100 |a González Arana, Roberto  
245 |a Colombia:   |b las limitaciones de un gobierno en crisis política. Colombia as president of the Non-Aligned movement limitations of a government under crisis /  |c Roberto González Arana 
650 |a GOBIERNO  
650 |a COLOMBIA  
773 |g volumen 5, número 2; páginas 21-22  
999 |c 36485  |d 36485